Statistics for Mystery Taylor Swift Song #39

Click here to take the quiz!

General Stats

  • This quiz has been taken 396 times
    (371 since last reset)
  • The average score is 44 of 123

Answer Stats

Song% Correct
Fearless
89%
you
87%
I
84%
a
80%
the
78%
your
72%
And
71%
be
71%
it
71%
we
70%
you're
66%
in
65%
to
63%
when
63%
do
62%
So
61%
it's
60%
that
59%
For
58%
We're
57%
sing
53%
they
53%
what
53%
Can
52%
all
51%
I'll
51%
Because
50%
'Cause
50%
of
50%
don't
49%
was
49%
But
48%
this
47%
up
47%
us
47%
now
46%
now?
46%
time
46%
see
45%
win
44%
know
43%
say
43%
Change
42%
feel
41%
will
41%
come
40%
never
40%
our
40%
down
38%
we'll
38%
get
37%
these
37%
night
36%
things
36%
back
35%
been
32%
put
32%
anything
30%
long
30%
off
30%
there's
30%
fall
29%
walls
29%
beat
28%
final
28%
Hallelujah
28%
hold
28%
revolution
27%
through
27%
wanted
27%
again
26%
eyes
26%
finally
26%
something
26%
sad
25%
same
25%
need
24%
we've
24%
believe
22%
fell
22%
fight
22%
gave
22%
hits
22%
Somebody
22%
blow
21%
else
21%
gets
21%
getting
21%
hands
21%
lives
21%
picture
21%
Says
21%
away
20%
changed
20%
might
20%
sick
20%
whatever
20%
faster
19%
place
19%
scared
19%
stand
19%
stronger
19%
walk
19%
ain't
18%
hard
18%
sang
18%
Tonight
18%
another
17%
battle
17%
bigger
17%
champions
17%
fair
17%
Find
17%
found
17%
history
17%
Repeating
17%
cornered
16%
outnumbered
16%
throw
16%
worked
16%
years
16%
knees
14%
Raided
13%

Score Distribution

Percentile by Number Answered

Percent of People with Each Score

Your Score History

You have not taken this quiz since the last reset